000 00806nam a2200217Ia 4500
003 GCL
008 140319s9999 xx 000 0 ara d
020 _a1954509953
040 _aGCL /
_cGCL
082 0 4 _a324.5
_bم أ
100 1 _aمركز دراسات الوحدة العربية
245 1 0 _aالاداء البرلمانى للمراة العربية :
_bدراساة حالات مصر وسوريا وتونس /
_cمركز دراسات الوحدة العربية
700 1 _aجميل مطر
250 _aالاولى
260 _aبيروت :
_bمركز دراسات الوحدة العربية ،
_c2005
300 _a216 ص ؛
_c24 سم
650 0 4 _aالمرأة فى مصر
650 0 4 _aالمرأة فى السياسة
650 0 4 _aالمرأة - تصويت
942 _2ddc
_cBK
999 _c7555
_d7555